000 01068cam a2200337 a 4500
001 4443630
003 ARRUPE
005 20140924175659.0
008 811015s1981 ilu b 000 0 eng
010 _a81178109
020 _a0883471310 :
035 _a(OCoLC)7726536
035 _a(OCoLC)ocm07726536
035 _a(NNC)4443630
040 _aDLC
_cDLC
_dNNUT
_dCStRLIN
050 0 _aBX1913
_b.P287
090 _aBX1913
_b.P287
100 _aGreeley, Andrew M.,
_911658
245 0 0 _aParish, priest & people :
_bnew leadership for the local church /
_cby Andrew Greeley ... [et al.].
260 _aChicago, Ill. :
_bThomas More Press,
_cc1981.
300 _a262 p. ;
_c21 cm.
504 _aBibliography: p. 261-262.
650 0 _aParishes.
_911659
650 0 _aChristian sociology
_xCatholic Church.
_911660
650 0 _aPastoral theology
_xCatholic Church.
_911661
650 0 _aChristian leadership.
_911259
700 1 _aGreeley, Andrew M.,
_d1928-2013.
_911662
740 0 _aParish, priest, and people.
942 _2lcc
_cMONOGRAPH
999 _c120959
_d120959